Journal of environmental geography Vol. VIII. No 1-2.
Elmentve itt :
| Dokumentumtípus: | Folyóirat |
|---|---|
| Megjelent: |
2015
|
| Sorozat: | Journal of environmental geography
8 No. 1-2 |
| Kulcsszavak: | Földrajz - tanulmányok |
| Online Access: | http://acta.bibl.u-szeged.hu/37452 |
| LEADER | 00558nas a2200157 i 4500 | ||
|---|---|---|---|
| 001 | acta37452 | ||
| 005 | 20260224081030.0 | ||
| 008 | 161201s2015 hu o 000 eng d | ||
| 040 | |a SZTE Egyetemi Kiadványok Repozitórium |b hun | ||
| 041 | |a eng | ||
| 245 | 0 | 0 | |a Journal of environmental geography |h [elektronikus dokumentum] : |b Vol. VIII. No 1-2. |
| 260 | |c 2015 | ||
| 300 | |a 58 | ||
| 490 | 0 | |a Journal of environmental geography |v 8 No. 1-2 | |
| 695 | |a Földrajz - tanulmányok | ||
| 856 | 4 | 0 | |u http://acta.bibl.u-szeged.hu/37452/1/journal_geo_008_001_002.pdf |z Dokumentum-elérés |